000 00234nam a22001217a 4500
020 _a9780789500876
041 _aeng
080 _a62
090 _bWYA
100 _aWyatt, Allen.
245 _aSuccess with Internet.
999 _c282044
_d282044
942 _cBK